| 000 | 01551naa a22003377a 4500 | ||
|---|---|---|---|
| 001 | BR8500784 | ||
| 003 | BR-BrBNA | ||
| 005 | 20240918175515.0 | ||
| 007 | ta | ||
| 008 | 230509b bl.||||| |||| 00| 0 por d | ||
| 040 |
_aBR-BrBNA _bpor _cBiblioteca Nacional de Agricultura |
||
| 041 | _a(Pt) | ||
| 072 |
_aH00; H20 _b0180 _b3875 _b4120 _bG514 |
||
| 090 | _aH00 BR8500784 | ||
| 100 | 1 | _aNeto, N. | |
| 100 | 1 | _aGiordani, N.A. | |
| 111 | 1 |
_a13. Reuniao Nacional de Pesquisa de Trigo _cCruz Alta, RS (Brazil) _d16-20 Jul 1984 |
|
| 245 | 1 | _aEfeito de doses e numero de aplicacoes de mancozebe no controle de doencas do trigo [Triticum aestivum, fungicida, Rio Grande do Sul, Brasil] | |
| 246 | 1 | _a[Effect of doses and number of nancozebe sprayings on the control of wheat diseases [Triticum aestivum, fungicide, Rio Grande de Sul, Brazil]] | |
| 246 | 1 | _a[Contribution of the Centro de Experimentacao e Pesquisa to the 13. National Meeting of Wheat Research] | |
| 260 | 3 |
_aCruz Alta, RS (Brasil): _c1984. |
|
| 500 | _aContribuicao do Centro de Experimentacao e Pesquisa a 13. Reuniao Nacional de Pesquisa de Trigo Cruz Alta, RS (Brasil): 1984. p. 89-94 (BR8500784-AM)H00 | ||
| 650 | _aFUNGICIDA | ||
| 650 | _aDOENCA DE PLANTA | ||
| 650 | _aTRIGO | ||
| 650 | _aFERRUGEM ALARANJADA | ||
| 650 | _aSEPTORIOSE | ||
| 773 | 0 |
_tContribuicao do Centro de Experimentacao e Pesquisa a 13. Reuniao Nacional de Pesquisa de Trigo _wH00 BR8500784 _gCruz Alta, RS (Brasil), 1984. p. 89-94 |
|
| 909 |
_a202404 _bLucia _c55 _dLucia Elande |
||
| 942 |
_cAM _2AGRIS |
||
| 999 |
_c317053 _d317053 |
||